| 000 | 00383nam a2200133Ia 4500 | ||
|---|---|---|---|
| 008 | 220217s9999||||xx |||||||||||||| ||und|| | ||
| 020 | _a81-224-2088-5 | ||
| 082 | _a004.67 SYT | ||
| 100 |
_aSutar, Shashikant, S _97179 |
||
| 245 | 0 | _aWeb design and ASP.Net | |
| 260 |
_aNew age international private, Ltd. _bNew Delhi _c2008 |
||
| 300 |
_aXIII,249p.;28cm _b195 |
||
| 650 | _aWWW | ||
| 999 |
_c180704 _d180704 |
||